书目信息 |
| 题名: |
蒙牛体育营销内幕
|
|
| 作者: | 朱小明 著 | |
| 分册: | ||
| 出版信息: | 北京 人民体育出版社 2007.12 |
|
| 页数: | 262页 | |
| 开本: | 23cm | |
| 丛书名: | 太度体育丛书 | |
| 单 册: | ||
| 中图分类: | F426.82 | |
| 科图分类: | ||
| 主题词: | 工业部门经济--中国 | |
| 电子资源: | ||
| ISBN: | 978-7-5009-3326-7 | |
| 000 | 00648nam0 2200217 450 | |
| 001 | 0856870673 | |
| 005 | 20081211093730.73 | |
| 010 | @a978-7-5009-3326-7@dCNY32.00 | |
| 100 | @a20081210d2007 km y0chiy0120 ea | |
| 101 | 0 | @achi |
| 102 | @aCN@b110000 | |
| 200 | 1 | @a蒙牛体育营销内幕@Ameng niu ti yu ying xiao nei mu@f朱小明著@Fzhu xiao ming zhu |
| 210 | @a北京@c人民体育出版社@d2007.12 | |
| 215 | @a262页@d23cm | |
| 225 | 2 | @a太度体育丛书 |
| 410 | 0 | @12001 @a太度体育丛书 |
| 606 | 0 | @a工业部门经济@y中国 |
| 690 | @aF426.82@v4 | |
| 701 | 0 | @a朱小明@Azhu xiao ming@4著 |
| 801 | 0 | @aCN@b山东省滨州职业学院图书馆@c20081211 |
| 905 | @aBZT@dF426.82@e1 | |
| 蒙牛体育营销内幕/朱小明著.-北京:人民体育出版社,2007.12 |
| 262页;23cm.-(太度体育丛书) |
| ISBN 978-7-5009-3326-7:CNY32.00 |
| ● |
| 相关链接 |
|
|
|
正题名:蒙牛体育营销内幕
索取号:F426.82/1
 
预约/预借
| 序号 | 登录号 | 条形码 | 馆藏地/架位号 | 状态 | 备注 |
| 1 | 0689337 | 2000689337 | 样本书库/样002架B面4层1列/ [索取号:F426.82/1] | 在馆 | |
| 2 | 0689338 | 2000689338 | 中心书库北库/ 北库017架B面4列5层4/ [索取号:F426.82/1] | 在馆 | |
| 3 | 0689339 | 2000689339 | 中心书库北库/ 北库017架B面4列5层1/ [索取号:F426.82/1] | 在馆 | |
| 4 | 0689340 | 2000689340 | 中心书库北库/ 北库017架B面4列5层5/ [索取号:F426.82/1] | 在馆 | |
| 5 | 0689341 | 2000689341 | 中心书库北库/ 北库017架B面4列5层6/ [索取号:F426.82/1] | 在馆 | |
| 6 | 731720 | 2000731720 | 中心书库北库/ 北库017架B面4列6层43/ [索取号:F426.82/1] | 在馆 | |
| 7 | 731721 | 2000731721 | 中心书库北库/ 北库017架B面4列6层44/ [索取号:F426.82/1] | 在馆 | |
| 8 | 731722 | 2000731722 | 中心书库北库/ 北库017架B面4列6层45/ [索取号:F426.82/1] | 在馆 | |
| 9 | 731723 | 2000731723 | 中心书库北库/ 北库017架B面4列6层38/ [索取号:F426.82/1] | 在馆 | |
| 10 | 731724 | 2000731724 | 中心书库北库/ 北库017架B面4列6层39/ [索取号:F426.82/1] | 在馆 | |
| 11 | 731725 | 2000731725 | 中心书库北库/ 北库017架B面4列6层41/ [索取号:F426.82/1] | 在馆 | |
| 12 | 731726 | 2000731726 | 中心书库北库/ 北库017架B面4列5层3/ [索取号:F426.82/1] | 在馆 | |
| 13 | 731727 | 2000731727 | 中心书库北库/ 北库017架B面4列5层2/ [索取号:F426.82/1] | 在馆 | |
| 14 | 731728 | 2000731728 | 中心书库北库/ 北库017架B面4列6层40/ [索取号:F426.82/1] | 在馆 | |
| 15 | 731729 | 2000731729 | 中心书库北库/ 北库017架B面4列6层42/ [索取号:F426.82/1] | 在馆 |